000 00837cam a22002291 4500
001 ca 11002689
003 DLC
005 20260227111056.0
008 740724s1858 fr 000 0 fre
010 _aca 11002689
035 _a(OCoLC)961065
040 _aDLC
_cTxArU
_dFTaSU
_dDLC
050 0 0 _aPQ1103
_b.B5 vol. 19-21
100 1 _aChartier, Jean,
_dactive 15th century.
245 1 0 _aChronique de Charles VII, roi de France,
_cpar Jean Chartier.
250 _aNouv. éd. rev.
_bsur les manuscrits, suivie de divers fragmens inédits, pub. avec notes, notices et éclaircissemens par Vallet de Viriville.
260 _aParis,
_bP. Jannet,
_c1858.
300 _a3 v.
_c16 cm.
440 0 _aBibliothèque elzévirienne
600 0 0 _aCharles
_bVII,
_cKing of France,
_d1403-1461.
700 2 _aVallet de Viriville, Auguste,
_d1815-1868.
999 _c14544
_d14544